MARC

LEADER 00000nam0a2200000 4500
001 321094
005 20231102003336.0
035 |a (RuTPU)RU\TPU\book\346640 
090 |a 321094 
100 |a 20160815d1947 m y0rusy50 ca 
101 0 |a rus 
102 |a RU 
105 |a a z 001zy 
200 1 |a Геологическая экскурсия по р. Ангаре  |f А. Н. Гранина, М. М. Одинцов 
210 |a Иркутск  |c [Б. и.]  |d 1947 
215 |a 37 с.  |c ил. 
320 |a Библиогр.: с. 36 
606 1 |a Геологические экскурсии  |2 stltpush  |3 (RuTPU)RU\TPU\subj\6090  |9 34049 
610 1 |a Ангара 
610 1 |a берега 
610 1 |a гидрография 
610 1 |a Байкал 
610 1 |a рельеф 
610 1 |a растительность 
610 1 |a животный мир 
610 1 |a Приангарье 
610 1 |a экономика 
610 1 |a история 
675 |a 55  |v 4 
700 1 |a Гранина  |b А. Н.  |g Александра Николаевна 
701 1 |a Одинцов  |b М. М. 
801 1 |a RU  |b 63413507  |c 20160815 
801 2 |a RU  |b 63413507  |c 20200212  |g RCR 
942 |c BK